|
|
|
|
| LEADER |
00000naa2a2200000 4500 |
| 001 |
621811 |
| 005 |
20231101133159.0 |
| 035 |
|
|
|a (RuTPU)RU\TPU\conf\20427
|
| 035 |
|
|
|a RU\TPU\conf\20426
|
| 090 |
|
|
|a 621811
|
| 100 |
|
|
|a 20170119d2016 k y0rusy50 ca
|
| 101 |
0 |
|
|a rus
|
| 102 |
|
|
|a RU
|
| 105 |
|
|
|a y z 101zy
|
| 135 |
|
|
|a drcn ---uucaa
|
| 181 |
|
0 |
|a i
|
| 182 |
|
0 |
|a b
|
| 200 |
1 |
|
|a Исслeдoвaниe дeгрaдaции кoмпoзитныx люминoфoрoв при oблучeнии элeктрoнным пучкoм
|f В. В. Нгуен
|g науч. рук. Е. Ф. Полисадова
|
| 203 |
|
|
|a Текст
|c электронный
|
| 225 |
1 |
|
|a Оптические технологии
|
| 230 |
|
|
|a 1 компьютерный файл (pdf; 381 Kb)
|
| 300 |
|
|
|a Заглавие с титульного экрана
|
| 320 |
|
|
|a [Библиогр.: с. 230 (4 назв.)]
|
| 463 |
|
1 |
|0 (RuTPU)RU\TPU\conf\20333
|t Высокие технологии в современной науке и технике (ВТСНТ-2016)
|o сборник научных трудов V Международной научно-технической конференции молодых ученых, аспирантов и студентов, г. Томск, 5–7 декабря 2016 г.
|f Национальный исследовательский Томский политехнический университет (ТПУ) ; под ред. А. Н. Яковлева
|v [С. 229-230]
|d 2016
|
| 610 |
1 |
|
|a труды учёных ТПУ
|
| 610 |
1 |
|
|a электронные ресурсы
|
| 610 |
1 |
|
|a спектрально-кинетические характеристики
|
| 610 |
1 |
|
|a люминесценция
|
| 610 |
1 |
|
|a люминофоры
|
| 610 |
1 |
|
|a ТПУ
|
| 610 |
1 |
|
|a облучение
|
| 610 |
1 |
|
|a электронные пучки
|
| 700 |
|
1 |
|a Нгуен
|b В. В.
|
| 702 |
|
1 |
|a Полисадова
|b Е. Ф.
|c специалист в области светотехники
|c доцент Томского политехнического университета, кандидат физико-математических наук
|f 1972-
|g Елена Фёдоровна
|2 stltpush
|4 727
|
| 712 |
0 |
2 |
|a Национальный исследовательский Томский политехнический университет (ТПУ)
|b Институт физики высоких технологий (ИФВТ)
|b Кафедра лазерной и световой техники (ЛиСТ)
|h 65
|2 stltpush
|3 (RuTPU)RU\TPU\col\18690
|
| 801 |
|
2 |
|a RU
|b 63413507
|c 20170207
|g RCR
|
| 856 |
4 |
|
|u http://earchive.tpu.ru/handle/11683/36491
|
| 942 |
|
|
|c BK
|